000 00378nam a2200145 4500
001 113010
003 ES-MaACL
005 20230906185726.0
007 t|
008 061121m19101950dk r ||||1| eng d
245 0 0 _aMusic from Denmark.
260 _aCopenhagen :
_bSkandinavisk Musikforlag,
_c1910-1950.
300 _a24 p. ;
_c22 cm.
852 _aES-MaACL
_j1920-F-2
_bR.29291
999 _c113010
_d113010